000 00611nam a22002297a 4500
001 00028929
005 20260428190113.0
008 260428b ag ||||| |||| 00| 0 spa d
020 _a844130890
040 _aAR-CcCEOS
_bspa
_cAR-CcCEOS
041 _aspa
080 _a94:7(520)
090 _bWIE v.1
100 1 _aWiencek, Henry
_91143
245 _aLos señores del Japón :
_bVolumen I /
_cHenry Wiencek
264 _aBarcelona :
_bFolio,
_c1998.
300 _a85 p. ;
_c24x18 cm.
490 _vAtlas culturales del mundo
650 0 _ahistoria
_990
655 0 _aarte
_9138
942 _2udc
_cBK
_n0
999 _c28981
_d28981